[Event "Torneo Benidorm Gran Hotel Bali - B 2022"]
[Site "Benidorm ESP"]
[Date "2022.12.05"]
[Round "3.8"]
[White "Gutierrez Marco, Dario"]
[Black "Esquerdo Nogueroles, Gaspar"]
[Result "1-0"]
[WhiteElo "1949"]
[BlackElo "1814"]
[PlyCount "83"]
[EventDate "2022.12.03"]
[EventType "swiss"]
[EventRounds "9"]
[EventCountry "ESP"]
[SourceTitle "Ajedrez en Madrid"]
[Source "lmi"]
[SourceDate "2022.12.03"]
[SourceVersion "1"]
[SourceVersionDate "2022.12.10"]
[SourceQuality "1"]

1. e4 c5 2. Nc3 d6 3. f4 Nc6 4. Bb5 Bd7 5. Nf3 a6 6. Bxc6 Bxc6 7. O-O e6 8. d3 Qc7 9. Qe1 Nf6 10. Qg3 g6 11. Ne2 Bg7 12. f5 exf5 13. exf5 O-O 14. Qh4 Rae8 15. Ng3 Bxf3 16. Rxf3 Re1+ 17. Nf1 Rfe8 18. fxg6 fxg6 19. Qc4+ Qf7 20. Qh4 Qd5 21. Rxf6 Bxf6 22. Qxf6 Rf8 23. Qxf8+ Kxf8 24. Bh6+ Kf7 25. Rxe1 Qd4+ 26. Ne3 Qxb2 27. Nc4 Qd4+ 28. Be3 Qd5 29. Rf1+ Kg7 30. Bf4 g5 31. Bg3 h5 32. Nxd6 Qxa2 33. Be5+ Kg8 34. c3 Qe2 35. d4 Qe3+ 36. Kh1 b5 37. Nf5 Qd3 38. Ne7+ Kh7 39. Rf7+ Kh6 40. h4 cxd4 41. Rf6+ Kh7 42. hxg5 1-0

[Event "Torneo Benidorm Gran Hotel Bali - B 2022"]
[Site "Benidorm ESP"]
[Date "2022.12.05"]
[Round "3.9"]
[White "Kita Ruiz, Ichiro"]
[Black "Exposito Milan, Adrian"]
[Result "0-1"]
[WhiteElo "1841"]
[BlackElo "1948"]
[PlyCount "124"]
[EventDate "2022.12.03"]
[EventType "swiss"]
[EventRounds "9"]
[EventCountry "ESP"]
[SourceTitle "Ajedrez en Madrid"]
[Source "lmi"]
[SourceDate "2022.12.03"]
[SourceVersion "1"]
[SourceVersionDate "2022.12.10"]
[SourceQuality "1"]

1. c4 e6 2. Nf3 d5 3. e3 Nf6 4. b3 c5 5. Bb2 Nc6 6. cxd5 exd5 7. Bb5 Bd6 8. h3 O-O 9. O-O a6 10. Bxc6 bxc6 11. d4 cxd4 12. exd4 Bf5 13. Ba3 Ne4 14. Qc1 Rc8 15. Bxd6 Qxd6 16. Qa3 Qf4 17. b4 Rfe8 18. Qc1 Qd6 19. a3 a5 20. bxa5 c5 21. Qd1 c4 22. Nh4 Bd7 23. Nd2 Nc3 24. Qh5 Ne2+ 25. Kh1 Nxd4 26. Nhf3 Ne2 27. Rfe1 Nf4 28. Qh4 Nd3 29. Re3 Rxe3 30. fxe3 c3 31. Nb3 c2 32. Nc1 Nxc1 33. Rxc1 Qxa3 34. Rxc2 Rxc2 35. Qd8+ Qf8 36. Qxd7 Rc1+ 37. Ng1 Qa8 38. Kh2 Qb8+ 39. Kh1 h6 40. a6 Ra1 41. a7 Rxa7 42. Qxd5 Ra1 43. Qd4 Rb1 44. e4 Kf8 45. e5 Qb6 46. Qxb6 Rxb6 47. Kh2 Ke7 48. Nf3 Ke6 49. Kg3 Rb2 50. h4 Ra2 51. Kh3 Kf5 52. Kg3 g5 53. h5 g4 54. Nd4+ Kxe5 55. Nc6+ Kf5 56. Ne7+ Kg5 57. Nd5 Ra3+ 58. Kh2 Kxh5 59. Nf6+ Kh4 60. Kg1 g3 61. Kf1 Ra1+ 62. Ke2 Ra2+ 0-1

[Event "Torneo Benidorm Gran Hotel Bali - B 2022"]
[Site "Benidorm ESP"]
[Date "2022.12.05"]
[Round "3.11"]
[White "Amoros Moran, Jose Joaquin"]
[Black "Oreshkin, Vladislav"]
[Result "1-0"]
[WhiteElo "1830"]
[BlackElo "1912"]
[PlyCount "105"]
[EventDate "2022.12.03"]
[EventType "swiss"]
[EventRounds "9"]
[EventCountry "ESP"]
[SourceTitle "Ajedrez en Madrid"]
[Source "lmi"]
[SourceDate "2022.12.03"]
[SourceVersion "1"]
[SourceVersionDate "2022.12.10"]
[SourceQuality "1"]

1. e4 c5 2. Nf3 a6 3. a4 e6 4. Qe2 Be7 5. g3 b6 6. Bg2 Bb7 7. O-O d6 8. c3 Nf6 9. d3 Nbd7 10. Nbd2 Qc7 11. b3 O-O 12. Bb2 Rac8 13. Rfc1 Qb8 14. Nf1 Rfe8 15. h3 Bf8 16. Re1 g6 17. g4 Bg7 18. Ng3 Ne5 19. Nd2 g5 20. Nc4 Nxc4 21. bxc4 Qc7 22. Bc1 h6 23. f4 Nh7 24. Ra3 Qd7 25. Nh5 f5 26. Nxg7 Kxg7 27. Rb3 gxf4 28. gxf5 exf5 29. Bxf4 b5 30. axb5 axb5 31. Rxb5 d5 32. e5 Re6 33. Reb1 Bc6 34. cxd5 Bxd5 35. Bxd5 Qxd5 36. Rb7+ Kh8 37. Rb8 Rg6+ 38. Kh2 Rxb8 39. Rxb8+ Kg7 40. Qb2 Ng5 41. Qb7+ Qxb7 42. Rxb7+ Kf8 43. Bxg5 Rxg5 44. Rb6 h5 45. Rf6+ Ke7 46. d4 h4 47. d5 f4 48. d6+ Ke8 49. e6 Rd5 50. e7 Kd7 51. Rf8 Rd2+ 52. Kg1 Re2 53. Rd8+ 1-0

[Event "Torneo Benidorm Gran Hotel Bali - B 2022"]
[Site "Benidorm ESP"]
[Date "2022.12.05"]
[Round "3.12"]
[White "Urios Hernandez, Ramon"]
[Black "Reig Albero, Ferran"]
[Result "1/2-1/2"]
[WhiteElo "1819"]
[BlackElo "1908"]
[PlyCount "46"]
[EventDate "2022.12.03"]
[EventType "swiss"]
[EventRounds "9"]
[EventCountry "ESP"]
[SourceTitle "Ajedrez en Madrid"]
[Source "lmi"]
[SourceDate "2022.12.03"]
[SourceVersion "1"]
[SourceVersionDate "2022.12.10"]
[SourceQuality "1"]

1. d4 d5 2. Bf4 Nf6 3. e3 e6 4. Nf3 Bd6 5. Ne5 O-O 6. Bd3 c5 7. c3 b6 8. Nd2 Ba6 9. Bc2 Qc7 10. Qf3 cxd4 11. exd4 Nc6 12. Nxc6 Bxf4 13. Nb4 Bb7 14. Nd3 Bd6 15. O-O-O Ne4 16. Kb1 Rac8 17. Nc1 f5 18. Nxe4 fxe4 19. Qe2 Rf6 20. f3 exf3 21. gxf3 Rcf8 22. Rhg1 Bc8 23. Rdf1 Qf7 1/2-1/2

[Event "Torneo Benidorm Gran Hotel Bali - B 2022"]
[Site "Benidorm ESP"]
[Date "2022.12.06"]
[Round "4.1"]
[White "Dura Olmos, Gines Raul"]
[Black "Romera Carrion, Ruben"]
[Result "1/2-1/2"]
[WhiteElo "1998"]
[BlackElo "1870"]
[PlyCount "96"]
[EventDate "2022.12.03"]
[EventType "swiss"]
[EventRounds "9"]
[EventCountry "ESP"]
[SourceTitle "Ajedrez en Madrid"]
[Source "lmi"]
[SourceDate "2022.12.03"]
[SourceVersion "1"]
[SourceVersionDate "2022.12.10"]
[SourceQuality "1"]

1. Nf3 {[%emt 0:00:09]} Nf6 {[%emt 0:01:36]} 2. c4 {[%emt 0:00:31]} e6 {[%emt 0:00:05]} 3. g3 {[%emt 0:00:17]} Be7 {[%emt 0:01:36]} 4. Bg2 {[%emt 0:00:50]} O-O {[%emt 0:00:11]} 5. O-O {[%emt 0:00:38]} d5 {[%emt 0:00:06]} 6. d4 {[%emt 0:00:14]} b6 {[%emt 0:01:35]} 7. cxd5 {[%emt 0:00:39]} exd5 {[%emt 0:00:12]} 8. Nc3 {[%emt 0:00:08]} Bb7 {[%emt 0:02:49]} 9. Ne5 {[%emt 0:01:01]} Nbd7 {[%emt 0:10:09]} 10. Be3 {[%emt 0:01:43]} c6 {[%emt 0:04:13]} 11. h3 {[%emt 0:02:13]} Ne8 {[%emt 0:03:53]} 12. f4 {[%emt 0:03:13]} Nd6 {[%emt 0:01:09]} 13. g4 {[%emt 0:01:25]} Nxe5 {[%emt 0:01:18]} 14. fxe5 {[%emt 0:00:46]} Nc4 {[%emt 0:00:47]} 15. Bc1 {[%emt 0:01:27]} Bg5 {[%emt 0:03:14]} 16. b3 {[%emt 0:00:37]} Ne3 {[%emt 0:02:39]} 17. Bxe3 {[%emt 0:00:11]} Bxe3+ {[%emt 0:00:04]} 18. Kh1 {[%emt 0:00:11]} Qe7 {[%emt 0:04:06]} 19. Qd3 {[%emt 0:01:11]} Bg5 {[%emt 0:04:56]} 20. e4 {[%emt 0:12:06]} Rad8 {[%emt 0:10:00]} 21. exd5 {[%emt 0:03:57]} cxd5 {[%emt 0:00:06]} 22. Qb5 {[%emt 0:06:38]} Qe6 {[%emt 0:00:46]} 23. Rf5 {[%emt 0:00:29]} h6 {[%emt 0:00:10]} 24. Raf1 {[%emt 0:01:42]} Qc6 {[%emt 0:10:36]} 25. Qd3 {[%emt 0:04:07]} Bc8 {[%emt 0:05:32]} 26. R5f2 {[%emt 0:04:12]} Bb7 {[%emt 0:05:57]} 27. a4 {[%emt 0:02:49]} a6 {[%emt 0:02:24]} 28. b4 {[%emt 0:02:58]} Qe6 {[%emt 0:01:44]} 29. b5 {[%emt 0:01:37]} a5 {[%emt 0:00:14]} 30. Ne2 {[%emt 0:00:04]} Rc8 {[%emt 0:00:17]} 31. Nf4 {[%emt 0:14:12]} Bxf4 {[%emt 0:01:33]} 32. Rxf4 {[%emt 0:00:02]} Rc4 {[%emt 0:00:24]} 33. Rf6 {[%emt 0:01:02]} gxf6 {[%emt 0:07:39]} 34. Rxf6 {[%emt 0:00:14]} Kg7 {[%emt 0:00:39]} 35. Qe3 {[%emt 0:09:22]} Rh8 {[%emt 0:01:09]} 36. Rxe6 {[%emt 0:02:49]} fxe6 {[%emt 0:00:05]} 37. g5 {[%emt 0:00:12]} Rf8 {[%emt 0:07:39]} 38. gxh6+ {[%emt 0:00:50]} Kh8 {[%emt 0:01:31]} 39. Qa3 {[%emt 0:03:25]} Re8 {[%emt 0:02:44]} 40. Qd6 {[%emt 0:00:44]} Bc8 {[%emt 0:00:33]} 41. Qxb6 {[%emt 0:05:08]} Rg8 {[%emt 0:01:16]} 42. Bf3 {[%emt 0:09:32]} Rc1+ {[%emt 0:00:35]} 43. Kh2 {[%emt 0:00:02]} Rc2+ {[%emt 0:00:03]} 44. Kh1 {[%emt 0:00:11]} Rc1+ {[%emt 0:02:12]} 45. Kh2 {[%emt 0:00:02]} Rc2+ {[%emt 0:01:20]} 46. Bg2 {[%emt 0:00:18]} Rc4 {[%emt 0:00:04]} 47. Kh1 {[%emt 0:00:07]} Rc1+ {[%emt 0:00:02] Qa7 Rc2} 48. Kh2 {[%emt 0:00:01] Rc1 Qb6} Rc4 {[%emt 0:00:12]} 1/2-1/2

[Event "Torneo Benidorm Gran Hotel Bali - B 2022"]
[Site "Benidorm ESP"]
[Date "2022.12.06"]
[Round "4.2"]
[White "Mascarell Canet, Ricardo"]
[Black "Castrillon Otero, Javier"]
[Result "1/2-1/2"]
[WhiteElo "1882"]
[BlackElo "1972"]
[PlyCount "142"]
[EventDate "2022.12.03"]
[EventType "swiss"]
[EventRounds "9"]
[EventCountry "ESP"]
[SourceTitle "Ajedrez en Madrid"]
[Source "lmi"]
[SourceDate "2022.12.03"]
[SourceVersion "1"]
[SourceVersionDate "2022.12.10"]
[SourceQuality "1"]

1. d4 {[%emt 0:01:46]} d5 {[%emt 0:03:46]} 2. Nf3 {[%emt 0:04:49]} Nf6 {[%emt 0:00:22]} 3. c4 {[%emt 0:00:17]} e6 {[%emt 0:00:04]} 4. Nc3 {[%emt 0:00:12]} Be7 {[%emt 0:00:07]} 5. Bg5 {[%emt 0:00:28]} h6 {[%emt 0:00:30]} 6. Bh4 {[%emt 0:00:16]} O-O {[%emt 0:00:28]} 7. e3 {[%emt 0:00:12]} b6 {[%emt 0:00:25]} 8. Rc1 {[%emt 0:00:39]} Bb7 {[%emt 0:00:39]} 9. Bd3 {[%emt 0:00:39]} dxc4 {[%emt 0:02:58]} 10. Bxc4 {[%emt 0:00:36]} Nbd7 {[%emt 0:00:59]} 11. O-O {[%emt 0:00:33]} c5 {[%emt 0:05:36]} 12. Qe2 {[%emt 0:01:08]} cxd4 {[%emt 0:02:10]} 13. Nxd4 {[%emt 0:00:51]} Ne4 {[%emt 0:11:32]} 14. Nxe4 {[%emt 0:03:45]} Bxe4 {[%emt 0:04:23]} 15. Bg3 {[%emt 0:01:07]} Rc8 {[%emt 0:30:20]} 16. Nb5 {[%emt 0:07:09]} a5 {[%emt 0:03:53]} 17. Rfd1 {[%emt 0:12:35]} Rc5 {[%emt 0:08:10]} 18. Nd6 {[%emt 0:07:49]} Bc6 {[%emt 0:01:43]} 19. a3 {[%emt 0:06:00]} a4 {[%emt 0:01:43]} 20. Nxf7 {[%emt 0:15:01]} Kxf7 {[%emt 0:06:23]} 21. Qg4 {[%emt 0:04:26]} Bd5 {[%emt 0:06:11]} 22. Bd3 {[%emt 0:05:08]} Nf6 {[%emt 0:00:44]} 23. Bg6+ {[%emt 0:05:51]} Kg8 {[%emt 0:00:02]} 24. Qxa4 {[%emt 0:01:02]} Qa8 {[%emt 0:02:44]} 25. Qxa8 {[%emt 0:06:34]} Rxa8 {[%emt 0:00:03]} 26. f3 {[%emt 0:01:21]} Rac8 {[%emt 0:00:32]} 27. Rxc5 {[%emt 0:00:22]} Rxc5 {[%emt 0:00:53]} 28. Bf2 {[%emt 0:00:48]} Bb3 {[%emt 0:01:00]} 29. Re1 {[%emt 0:01:16]} Rg5 {[%emt 0:01:03]} 30. Bb1 {[%emt 0:02:11]} Bc5 {[%emt 0:00:59]} 31. e4 {[%emt 0:01:08]} Bxf2+ {[%emt 0:01:03]} 32. Kxf2 {[%emt 0:00:03]} Rc5 {[%emt 0:00:12]} 33. Re3 {[%emt 0:01:38]} Bc4 {[%emt 0:00:59]} 34. Rc3 {[%emt 0:00:44]} Nd7 {[%emt 0:01:00]} 35. Ke3 {[%emt 0:02:11]} Bf1 {[%emt 0:03:23]} 36. Rxc5 {[%emt 0:00:53]} Nxc5 {[%emt 0:00:14]} 37. g3 {[%emt 0:00:16]} Kf7 {[%emt 0:00:32]} 38. Bc2 {[%emt 0:00:20]} Ke7 {[%emt 0:01:07]} 39. Kd4 {[%emt 0:01:02]} Nd7 {[%emt 0:00:26]} 40. f4 {[%emt 0:00:29]} Bg2 {[%emt 0:00:42]} 41. Bd3 {[%emt 0:00:54]} Nc5 {[%emt 0:00:24]} 42. Bc2 {[%emt 0:00:29]} Kd6 {[%emt 0:00:30]} 43. b4 {[%emt 0:00:31]} Nd7 {[%emt 0:00:18]} 44. Bd3 {[%emt 0:01:14]} e5+ {[%emt 0:00:55]} 45. Ke3 {[%emt 0:00:10]} Bh3 {[%emt 0:00:42]} 46. f5 {[%emt 0:00:44]} Bg4 {[%emt 0:00:02]} 47. Bb5 {[%emt 0:02:12]} Bd1 {[%emt 0:00:16]} 48. Bxd7 {[%emt 0:00:52]} Kxd7 {[%emt 0:00:02]} 49. h4 {[%emt 0:00:26]} Kc6 {[%emt 0:00:36]} 50. Kd2 {[%emt 0:00:43]} Bf3 {[%emt 0:00:12]} 51. Ke3 {[%emt 0:00:02]} Bg4 {[%emt 0:00:23]} 52. a4 {[%emt 0:00:42]} Bd1 {[%emt 0:00:44]} 53. a5 {[%emt 0:00:23]} h5 {[%emt 0:00:55]} 54. Kd3 {[%emt 0:00:52]} Bf3 {[%emt 0:00:18]} 55. Ke3 {[%emt 0:00:11]} Bg2 {[%emt 0:00:20]} 56. Kd3 {[%emt 0:00:39]} bxa5 {[%emt 0:00:31]} 57. bxa5 {[%emt 0:00:09]} Kb5 {[%emt 0:00:09]} 58. Ke3 {[%emt 0:01:46]} Kxa5 {[%emt 0:00:15]} 59. g4 {[%emt 0:00:18]} Bf1 {[%emt 0:02:07]} 60. gxh5 {[%emt 0:01:00]} Bc4 {[%emt 0:00:20]} 61. Kf3 {[%emt 0:00:59]} Kb5 {[%emt 0:00:24]} 62. Kg4 {[%emt 0:00:10]} Kc5 {[%emt 0:00:54]} 63. Kg5 {[%emt 0:00:35]} Bf7 {[%emt 0:00:38]} 64. f6 {[%emt 0:00:32]} gxf6+ {[%emt 0:00:28]} 65. Kxf6 {[%emt 0:00:09]} Bxh5 {[%emt 0:00:07]} 66. Kxe5 {[%emt 0:00:07]} Kc6 {[%emt 0:00:34]} 67. Ke6 {[%emt 0:00:47]} Bg4+ {[%emt 0:00:33]} 68. Ke7 {[%emt 0:00:11]} Bf3 {[%emt 0:00:43]} 69. e5 {[%emt 0:00:13]} Kd5 {[%emt 0:00:10]} 70. Kf6 {[%emt 0:00:09]} Bg4 {[%emt 0:00:25]} 71. Kg5 {[%emt 0:01:03]} Kxe5 {[%emt 0:00:18]} 1/2-1/2

[Event "Torneo Benidorm Gran Hotel Bali - B 2022"]
[Site "Benidorm ESP"]
[Date "2022.12.06"]
[Round "4.3"]
[White "Lorenzo Calvo, Damian Angel"]
[Black "Aledo Yanguas, David"]
[Result "1-0"]
[WhiteElo "1859"]
[BlackElo "1953"]
[PlyCount "147"]
[EventDate "2022.12.03"]
[EventType "swiss"]
[EventRounds "9"]
[EventCountry "ESP"]
[SourceTitle "Ajedrez en Madrid"]
[Source "lmi"]
[SourceDate "2022.12.03"]
[SourceVersion "1"]
[SourceVersionDate "2022.12.10"]
[SourceQuality "1"]

1. e4 {[%emt 1:03:33]} e6 {[%emt 0:00:08]} 2. d4 {[%emt 0:00:12]} d5 {[%emt 0:00:07]} 3. Nd2 {[%emt 0:00:19]} h6 {[%emt 0:00:25]} 4. Bd3 {[%emt 0:02:02]} c5 {[%emt 0:00:10]} 5. dxc5 {[%emt 0:03:17]} Bxc5 {[%emt 0:00:15]} 6. exd5 {[%emt 0:00:36]} Qxd5 {[%emt 0:00:27]} 7. Ngf3 {[%emt 0:00:53]} Nf6 {[%emt 0:00:22]} 8. O-O {[%emt 0:00:32]} O-O {[%emt 0:00:15]} 9. Qe2 {[%emt 0:01:46]} Nc6 {[%emt 0:02:06]} 10. Ne4 {[%emt 0:03:03]} Nxe4 {[%emt 0:02:03]} 11. Bxe4 {[%emt 0:01:02]} Qh5 {[%emt 0:00:30]} 12. Be3 {[%emt 0:03:14]} Bd6 {[%emt 0:00:43]} 13. Rfe1 {[%emt 0:13:07]} Ne7 {[%emt 0:08:22]} 14. Bd4 {[%emt 0:06:55]} f5 {[%emt 0:01:08]} 15. Bd3 {[%emt 0:00:23]} Nc6 {[%emt 0:00:21]} 16. Bc3 {[%emt 0:01:24]} g5 {[%emt 0:05:00]} 17. Ne5 {[%emt 0:04:28]} g4 {[%emt 0:01:41]} 18. f3 {[%emt 0:05:24]} g3 {[%emt 0:11:26]} 19. h3 {[%emt 0:01:50]} Bc5+ {[%emt 0:00:45]} 20. Kh1 {[%emt 0:00:26]} Nd4 {[%emt 0:07:13]} 21. Qd2 {[%emt 0:03:40]} Qg5 {[%emt 0:05:11]} 22. Qxg5+ {[%emt 0:06:08]} hxg5 {[%emt 0:00:06]} 23. b4 {[%emt 0:01:58]} Bb6 {[%emt 0:01:24]} 24. Nc4 {[%emt 0:00:11]} Nc6 {[%emt 0:01:55]} 25. Nxb6 {[%emt 0:00:23]} axb6 {[%emt 0:00:05]} 26. Bc4 {[%emt 0:00:16]} Kf7 {[%emt 0:02:12]} 27. Rad1 {[%emt 0:02:29]} b5 {[%emt 0:08:18]} 28. Bb3 {[%emt 0:03:26]} Ke7 {[%emt 0:05:04]} 29. Be5 {[%emt 0:03:33]} Nxe5 {[%emt 0:01:47]} 30. Rxe5 {[%emt 0:00:02]} Bd7 {[%emt 0:00:24]} 31. Rde1 {[%emt 0:01:46]} Rf6 {[%emt 0:01:58]} 32. Kg1 {[%emt 0:01:46]} Rh8 {[%emt 0:07:14]} 33. R1e3 {[%emt 0:03:56]} Kd6 {[%emt 0:01:45]} 34. Rc5 {[%emt 0:00:37]} Bc6 {[%emt 0:03:54]} 35. Rce5 {[%emt 0:01:03]} Rhh6 {[%emt 0:00:47]} 36. c4 {[%emt 0:03:37]} bxc4 {[%emt 0:01:03]} 37. Bxc4 {[%emt 0:00:20]} g4 {[%emt 0:08:28]} 38. fxg4 {[%emt 0:05:57]} fxg4 {[%emt 0:00:31]} 39. hxg4 {[%emt 0:00:26]} Rf4 {[%emt 0:03:42]} 40. Rxe6+ {[%emt 0:00:25]} Rxe6 {[%emt 0:00:04]} 41. Bxe6 {[%emt 0:00:50]} Bb5 {[%emt 0:01:03]} 42. Re1 {[%emt 0:02:08]} Rf2 {[%emt 0:00:16]} 43. Bb3 {[%emt 0:01:28]} Bc6 {[%emt 0:00:32]} 44. Re3 {[%emt 0:00:41]} Rxg2+ {[%emt 0:02:00]} 45. Kf1 {[%emt 0:00:17]} Rf2+ {[%emt 0:03:50]} 46. Ke1 {[%emt 0:00:23]} Rf3 {[%emt 0:02:30]} 47. Rxf3 {[%emt 0:00:20]} Bxf3 {[%emt 0:00:04]} 48. g5 {[%emt 0:00:09]} Be4 {[%emt 0:00:36]} 49. Bf7 {[%emt 0:00:33]} b5 {[%emt 0:02:37]} 50. Kf1 {[%emt 0:00:34]} Ke7 {[%emt 0:00:47]} 51. g6 {[%emt 0:00:36]} Bc6 {[%emt 0:00:12]} 52. Bb3 {[%emt 0:01:14]} Be4 {[%emt 0:01:01]} 53. g7 {[%emt 0:00:21]} Bh7 {[%emt 0:00:43]} 54. Kg2 {[%emt 0:00:17]} Kf6 {[%emt 0:00:10]} 55. g8=Q {[%emt 0:00:02]} Bxg8 {[%emt 0:00:06]} 56. Bxg8 {[%emt 0:00:08]} Ke5 {[%emt 0:00:05]} 57. Kxg3 {[%emt 0:00:24]} Kd4 {[%emt 0:00:10]} 58. Kf4 {[%emt 0:00:10]} Kc3 {[%emt 0:00:05]} 59. Ke5 {[%emt 0:00:17]} Kxb4 {[%emt 0:00:10]} 60. Kd4 {[%emt 0:00:06]} Ka5 {[%emt 0:00:59]} 61. Kc5 {[%emt 0:00:05]} Ka6 {[%emt 0:00:16]} 62. Bd5 {[%emt 0:00:10]} Ka5 {[%emt 0:00:08]} 63. Bc6 {[%emt 0:00:14]} b4 {[%emt 0:00:06]} 64. Bd7 {[%emt 0:00:11]} Ka6 {[%emt 0:00:16]} 65. Kxb4 {[%emt 0:00:05]} Kb6 {[%emt 0:00:04]} 66. a4 {[%emt 0:00:06]} Kc7 {[%emt 0:00:04]} 67. Bh3 {[%emt 0:00:06]} Kb6 {[%emt 0:00:05]} 68. a5+ {[%emt 0:00:08]} Ka6 {[%emt 0:00:07]} 69. Bg2 {[%emt 0:00:11]} Ka7 {[%emt 0:00:06]} 70. Kb5 {[%emt 0:00:03]} Kb8 {[%emt 0:00:10]} 71. Kb6 Kc8 {[%emt 0:00:07]} 72. a6 Kb8 {[%emt 0:00:08]} 73. a7+ {[%emt 0:00:23]} Kc8 {[%emt 0:00:04]} 74. a8=Q+ {[%emt 0:00:09]} 1-0

[Event "Torneo Benidorm Gran Hotel Bali - B 2022"]
[Site "Benidorm ESP"]
[Date "2022.12.06"]
[Round "4.4"]
[White "Lloret Climent, Miguel"]
[Black "Amoros Moran, Jose Joaquin"]
[Result "0-1"]
[WhiteElo "1952"]
[BlackElo "1830"]
[PlyCount "96"]
[EventDate "2022.12.03"]
[EventType "swiss"]
[EventRounds "9"]
[EventCountry "ESP"]
[SourceTitle "Ajedrez en Madrid"]
[Source "lmi"]
[SourceDate "2022.12.03"]
[SourceVersion "1"]
[SourceVersionDate "2022.12.10"]
[SourceQuality "1"]

1. d4 {[%emt 0:00:04]} Nf6 {[%emt 0:12:12]} 2. c4 {[%emt 0:00:15]} e6 {[%emt 0:00:11]} 3. Nf3 {[%emt 0:00:56]} b6 {[%emt 0:00:34]} 4. g3 {[%emt 0:00:47]} Bb7 {[%emt 0:00:07]} 5. Bg2 {[%emt 0:00:18]} Bb4+ {[%emt 0:00:55]} 6. Nbd2 {[%emt 0:03:41]} a5 {[%emt 0:03:22]} 7. O-O {[%emt 0:01:37]} O-O {[%emt 0:00:12]} 8. a3 {[%emt 0:01:06]} Be7 {[%emt 0:00:40]} 9. Qc2 {[%emt 0:01:43]} d5 {[%emt 0:02:18]} 10. Ne5 {[%emt 0:06:43]} c5 {[%emt 0:22:36]} 11. e3 {[%emt 0:06:29]} Qc7 {[%emt 0:05:53]} 12. cxd5 {[%emt 0:13:20]} exd5 {[%emt 0:01:28]} 13. b3 {[%emt 0:03:08]} Rc8 {[%emt 0:07:42]} 14. Bb2 {[%emt 0:07:54]} a4 {[%emt 0:03:33]} 15. dxc5 {[%emt 0:04:50]} bxc5 {[%emt 0:03:07]} 16. bxa4 {[%emt 0:06:13]} Nc6 {[%emt 0:05:48]} 17. Nd3 {[%emt 0:03:00]} c4 {[%emt 0:09:12]} 18. Nf4 {[%emt 0:02:17]} Ne5 {[%emt 0:05:49]} 19. Rfc1 {[%emt 0:02:11]} Ng6 {[%emt 0:04:57]} 20. Rab1 {[%emt 0:05:49]} Nxf4 {[%emt 0:00:23]} 21. gxf4 {[%emt 0:07:13]} Bc6 {[%emt 0:00:02]} 22. Be5 {[%emt 0:05:01]} Qd7 {[%emt 0:01:49]} 23. Qb2 {[%emt 0:05:42]} Rxa4 {[%emt 0:00:44]} 24. Rc3 {[%emt 0:05:01]} Qg4 {[%emt 0:01:39]} 25. h3 {[%emt 0:01:00]} Qd7 {[%emt 0:01:59]} 26. Rd1 {[%emt 0:01:59]} Qa7 {[%emt 0:00:23]} 27. Nb1 {[%emt 0:00:44]} Qa5 {[%emt 0:02:10]} 28. Kh2 {[%emt 0:01:15]} Nd7 {[%emt 0:01:18]} 29. Bd4 {[%emt 0:01:35]} Bf6 {[%emt 0:00:17]} 30. Qd2 {[%emt 0:01:10]} Bxd4 {[%emt 0:00:16]} 31. Qxd4 {[%emt 0:00:23]} Nf6 {[%emt 0:00:31]} 32. Rcc1 {[%emt 0:01:01]} Qa7 {[%emt 0:00:11]} 33. Qc3 {[%emt 0:01:12]} Qe7 {[%emt 0:00:50]} 34. Rg1 {[%emt 0:00:16]} g6 {[%emt 0:00:53]} 35. f5 {[%emt 0:00:43]} Re8 {[%emt 0:00:51]} 36. fxg6 {[%emt 0:00:25]} hxg6 {[%emt 0:00:06]} 37. Rcd1 {[%emt 0:01:03]} Qe5+ {[%emt 0:00:12]} 38. Qxe5 {[%emt 0:00:16]} Rxe5 {[%emt 0:00:04]} 39. Rd4 {[%emt 0:00:39]} Ra5 {[%emt 0:01:30]} 40. Rgd1 {[%emt 0:00:16]} Rf5 {[%emt 0:00:42]} 41. f4 {[%emt 0:00:34]} Rb5 {[%emt 0:01:42]} 42. Nd2 {[%emt 0:00:52]} Rc5 {[%emt 0:00:56]} 43. Nf3 {[%emt 0:00:25]} Rh5 {[%emt 0:00:59]} 44. Ne5 {[%emt 0:00:13]} Ba4 {[%emt 0:00:19]} 45. Rc1 {[%emt 0:00:37]} Kg7 {[%emt 0:00:33]} 46. Nd3 {[%emt 0:00:29]} Rb5 {[%emt 0:00:56]} 47. Nb4 {[%emt 0:00:06]} Ng4+ {[%emt 0:00:12]} 48. Kg3 {[%emt 0:00:57]} Nxe3 {[%emt 0:01:32]} 0-1

[Event "Torneo Benidorm Gran Hotel Bali - B 2022"]
[Site "Benidorm ESP"]
[Date "2022.12.06"]
[Round "4.5"]
[White "Bravo Plaza, Luis"]
[Black "Gutierrez Marco, Dario"]
[Result "0-1"]
[WhiteElo "1835"]
[BlackElo "1949"]
[PlyCount "78"]
[EventDate "2022.12.03"]
[EventType "swiss"]
[EventRounds "9"]
[EventCountry "ESP"]
[SourceTitle "Ajedrez en Madrid"]
[Source "lmi"]
[SourceDate "2022.12.03"]
[SourceVersion "1"]
[SourceVersionDate "2022.12.10"]
[SourceQuality "1"]

1. e4 {[%emt 0:00:03]} c5 {[%emt 0:00:08]} 2. Nc3 {[%emt 0:00:50]} e6 {[%emt 0:00:08]} 3. g3 {[%emt 0:00:24]} Nc6 {[%emt 0:03:56]} 4. Bg2 {[%emt 0:00:16]} Nf6 {[%emt 0:03:39]} 5. Nge2 {[%emt 0:00:19]} a6 {[%emt 0:02:55]} 6. O-O {[%emt 0:03:01]} Qc7 {[%emt 0:00:46]} 7. d3 {[%emt 0:02:06]} Be7 {[%emt 0:07:56]} 8. f4 {[%emt 0:08:02]} d6 {[%emt 0:00:23]} 9. f5 {[%emt 0:08:44]} Bd7 {[%emt 0:07:39]} 10. Nf4 {[%emt 0:04:31]} e5 {[%emt 0:15:20]} 11. Nfd5 {[%emt 0:00:36]} Qd8 {[%emt 0:00:57]} 12. Nxf6+ {[%emt 0:02:36]} Bxf6 {[%emt 0:02:00]} 13. Nd5 {[%emt 0:00:03]} Nb4 {[%emt 0:02:37]} 14. Ne3 {[%emt 0:00:05]} Bg5 {[%emt 0:04:50]} 15. c3 {[%emt 0:00:48]} Nc6 {[%emt 0:05:48]} 16. Nd5 {[%emt 0:01:02]} Bxc1 {[%emt 0:00:06]} 17. Rxc1 {[%emt 0:01:13]} f6 {[%emt 0:00:09]} 18. Qh5+ {[%emt 0:04:58]} Kf8 {[%emt 0:00:34]} 19. g4 {[%emt 0:03:01]} Be8 {[%emt 0:00:13]} 20. Qh3 {[%emt 0:02:12]} Ne7 {[%emt 0:03:07]} 21. Ne3 {[%emt 0:00:52]} Bc6 {[%emt 0:01:50]} 22. g5 {[%emt 0:00:45]} Ng8 {[%emt 0:00:54]} 23. Ng4 {[%emt 0:04:58]} h6 {[%emt 0:02:22]} 24. Rf2 {[%emt 0:03:17]} Ke7 {[%emt 0:08:48]} 25. Rcf1 {[%emt 0:01:34]} Kd7 {[%emt 0:00:40]} 26. d4 {[%emt 0:00:38]} cxd4 {[%emt 0:00:37]} 27. cxd4 {[%emt 0:01:07]} Ke7 {[%emt 0:01:04]} 28. Rd1 {[%emt 0:04:02]} Qb6 {[%emt 0:01:31]} 29. dxe5 {[%emt 0:01:30]} dxe5 {[%emt 0:00:08]} 30. Kh1 {[%emt 0:08:45]} Rd8 {[%emt 0:04:06]} 31. Rfd2 {[%emt 0:00:43]} Rxd2 {[%emt 0:00:07]} 32. Rxd2 {[%emt 0:02:39]} Qc7 {[%emt 0:00:28]} 33. Qb3 {[%emt 0:12:15]} hxg5 {[%emt 0:03:38]} 34. Ne3 {[%emt 0:05:47]} Nh6 {[%emt 0:03:25]} 35. Qe6+ {[%emt 0:01:09]} Kf8 {[%emt 0:00:16]} 36. Nd5 {[%emt 0:02:46]} Bxd5 {[%emt 0:00:16]} 37. Qxd5 {[%emt 0:00:14]} Nf7 {[%emt 0:01:15]} 38. Bf1 {[%emt 0:02:07]} Qc1 {[%emt 0:06:16]} 39. Kg2 {[%emt 0:01:43]} Rh4 {[%emt 0:00:44]} 0-1